[Event "61st World Juniors 2024"]
[Site "Gandhinagar IND"]
[Date "2024.06.11"]
[Round "9.7"]
[White "Vaz, Ethan"]
[Black "Srihari, L R"]
[Result "1/2-1/2"]
[WhiteTitle "IM"]
[BlackTitle "IM"]
[WhiteElo "2420"]
[BlackElo "2495"]
[WhiteFideId "25940783"]
[BlackFideId "46617116"]
[EventDate "2024.06.02"]

1. e4 e5 2. Nf3 Nc6 3. d4 exd4 4. Nxd4 Nf6 5. Nxc6 bxc6 6. Nd2 d5 7. exd5 cxd5
8. Bb5+ Bd7 9. Bxd7+ Qxd7 10. O-O Be7 11. b3 O-O 12. Bb2 Qf5 13. Nf3 Ne4 14. Qd3
Rad8 15. Rad1 Bf6 16. Bd4 Qe6 17. Qe3 Be7 18. Rfe1 c5 19. Bb2 f5 20. Nd2 Qf7 21.
c4 Bh4 22. g3 f4 23. Qf3 Qg6 24. Qd3 Nxf2 25. Qxg6 hxg6 26. Kxf2 fxg3+ 27. Kg2
Rf2+ 28. Kh1 Rxh2+ 29. Kg1 Rf8 30. cxd5 Rff2 31. Bc3 Bf6 32. Bxf6 gxf6 33. Ne4
Rfg2+ 34. Kf1 Rxa2 35. Kg1 f5 36. d6 Rhg2+ 37. Kh1 Rh2+ 38. Kg1 Rhg2+ 39. Kh1 1/2-1/2

[Event "61st World Juniors 2024"]
[Site "Gandhinagar IND"]
[Date "2024.06.11"]
[Round "9.8"]
[White "Koelle, Tobias"]
[Black "Pham Tran Gia Phuc"]
[Result "1/2-1/2"]
[WhiteTitle "IM"]
[BlackTitle "FM"]
[WhiteElo "2470"]
[BlackElo "2444"]
[WhiteFideId "16207378"]
[BlackFideId "12415669"]
[EventDate "2024.06.02"]

1. d4 Nf6 2. c4 e6 3. Nf3 d5 4. Nc3 Bb4 5. Qa4+ Nc6 6. Bd2 O-O 7. a3 Bxc3 8.
Bxc3 Ne4 9. e3 e5 10. cxd5 Qxd5 11. Bc4 Qd6 12. Qc2 exd4 13. Bxd4 Nxd4 14. Nxd4
Nf6 15. O-O c5 16. Nb5 Qe7 17. Nc3 Qe5 18. h3 Be6 19. Bxe6 Qxe6 20. Rfd1 Rad8
21. Rd2 Rxd2 22. Qxd2 Qb3 23. Rd1 b5 24. e4 Qc4 25. f3 Re8 26. Qd3 Qxd3 27. Rxd3
a6 28. Kf2 Kf8 29. g4 c4 30. Rd6 Re6 31. Rd8+ Re8 32. Rd1 g5 33. Ke3 Ke7 34. e5
Nd7 35. f4 gxf4+ 36. Kxf4 Nc5 37. Nd5+ Kf8 38. Nf6 Nd3+ 39. Kg3 Nxb2 40. Rb1 Nd3
41. Nxe8 Kxe8 42. Rd1 Nb2 43. Rc1 Nd3 44. Rd1 Nb2 45. Rc1 Nd3 1/2-1/2

[Event "61st World Juniors 2024"]
[Site "Gandhinagar IND"]
[Date "2024.06.11"]
[Round "9.9"]
[White "Anuj, Shrivatri"]
[Black "Samant, Aditya S"]
[Result "1/2-1/2"]
[WhiteTitle "IM"]
[BlackTitle "GM"]
[WhiteElo "2390"]
[BlackElo "2469"]
[WhiteFideId "35070924"]
[BlackFideId "35080580"]
[EventDate "2024.06.02"]

1. Nf3 Nf6 2. c4 e6 3. g3 d5 4. Bg2 d4 5. O-O c5 6. e3 Nc6 7. exd4 cxd4 8. d3
Bd6 9. Bg5 h6 10. Bxf6 Qxf6 11. Nbd2 Qe7 12. Re1 O-O 13. a3 a5 14. Nb3 Qf6 15.
c5 Bc7 16. Nbd2 Qe7 17. Rc1 Rd8 18. Ne4 Bd7 19. Nfd2 Ne5 20. Qe2 Nc6 21. Nc4
Rab8 22. Rc2 a4 23. Nb6 Na5 24. Nxd7 Rxd7 25. h4 Nb3 26. Rc4 Ba5 27. Rd1 f5 28.
Nd6 b5 29. Rc2 Rc7 30. Qe5 Qf6 31. Qxf6 gxf6 32. c6 Kf8 33. Nb7 Bb6 34. Re2 Re7
35. Rde1 Rbe8 36. Nd6 Nc5 37. Nxe8 Kxe8 38. Rd1 Kd8 39. Kf1 Kc7 40. Bf3 Kd6 41.
Kg2 Ba5 42. Kh3 Rg7 43. Rc2 Bb6 44. Re2 Ba5 45. Rc2 1/2-1/2

[Event "61st World Juniors 2024"]
[Site "Gandhinagar IND"]
[Date "2024.06.11"]
[Round "9.11"]
[White "Siddharth, Jagadeesh"]
[Black "Sanket, Chakravarty"]
[Result "1-0"]
[WhiteTitle "IM"]
[BlackTitle "IM"]
[WhiteElo "2525"]
[BlackElo "2357"]
[WhiteFideId "5818320"]
[BlackFideId "25032038"]
[EventDate "2024.06.02"]

1. e4 c6 2. d4 d5 3. Nc3 dxe4 4. Nxe4 Nf6 5. Nxf6+ exf6 6. c3 Bd6 7. Bd3 O-O 8.
Qc2 Re8+ 9. Ne2 h5 10. O-O h4 11. Nf4 Nd7 12. Qd1 Nf8 13. Qh5 g6 14. Nxg6 fxg6
15. Bxg6 Re7 16. Bh6 Be6 17. Rfe1 Bf7 18. Rxe7 Qxe7 19. Bxf8 Kxf8 20. Bxf7 Qxf7
21. Qh8+ 1-0

[Event "61st World Juniors 2024"]
[Site "Gandhinagar IND"]
[Date "2024.06.11"]
[Round "9.12"]
[White "Subelj, Jan"]
[Black "Bodrogi, Bendeguz"]
[Result "0-1"]
[WhiteTitle "GM"]
[BlackTitle "FM"]
[WhiteElo "2514"]
[BlackElo "2353"]
[WhiteFideId "14618583"]
[BlackFideId "790303"]
[EventDate "2024.06.02"]

1. e4 c6 2. d4 d5 3. e5 c5 4. Nf3 cxd4 5. Qxd4 Nc6 6. Qf4 e6 7. Bd3 Nb4 8. Bd2
Nxd3+ 9. cxd3 Ne7 10. Nc3 Ng6 11. Qg3 Bd7 12. h4 h5 13. a4 a6 14. Ne2 b5 15. a5
b4 16. Nf4 Nxf4 17. Qxf4 Bb5 18. Ng5 Qe7 19. Rh3 f6 20. exf6 gxf6 21. Nxe6 Bd7
22. Re3 Bxe6 23. Qd4 Kf7 24. Rc1 Bh6 25. f4 Rhc8 26. Rxc8 Rxc8 27. Bxb4 Rc1+ 28.
Ke2 Qc7 29. Bd2 Bg4+ 30. Kf2 Rc2 31. Ke1 Rxd2 32. Kxd2 Qxf4 33. Qxd5+ Kg7 34.
Qb7+ Kg6 35. Qxa6 Qxe3+ 36. Kc2 Bd1+ 37. Kc3 Qc1+ 38. Kd4 Qxb2+ 0-1

[Event "61st World Juniors 2024"]
[Site "Gandhinagar IND"]
[Date "2024.06.11"]
[Round "9.13"]
[White "Fromm, Marius"]
[Black "Kanyamarala, Tarun"]
[Result "0-1"]
[WhiteTitle "IM"]
[BlackTitle "IM"]
[WhiteElo "2465"]
[BlackElo "2333"]
[WhiteFideId "12993190"]
[BlackFideId "45004714"]
[EventDate "2024.06.02"]

1. e4 c5 2. Nf3 Nc6 3. Bb5 e6 4. Bxc6 bxc6 5. d3 Qc7 6. e5 f6 7. Bf4 Ne7 8. O-O
fxe5 9. Bxe5 d6 10. Bg3 Nf5 11. Nh4 Nxg3 12. fxg3 g6 13. Nd2 Rb8 14. Rb1 Rb7 15.
Ne4 d5 16. Nf6+ Kd8 17. c3 Bg7 18. Qd2 Qe7 19. Ng4 e5 20. Ne3 Be6 21. Nf3 Kd7
22. Rbe1 Re8 23. c4 Kc8 24. Nd1 Qd6 25. Nc3 Bf5 26. b3 Rd7 27. cxd5 cxd5 28. Nh4
Be6 29. Na4 Rc7 30. Nf3 Bd7 31. Nc3 Bc6 32. Re2 Rd7 33. Rfe1 Qc7 34. Qc2 Rde7
35. Kh1 Qa5 36. Na4 c4 37. Nd2 Bxa4 38. bxa4 c3 39. Nf3 Qc5 40. Rb1 e4 41. dxe4
Rxe4 42. Rf2 Qc4 43. Ng1 Re1 44. Rxe1 Rxe1 45. Re2 Qxe2 0-1

[Event "61st World Juniors 2024"]
[Site "Gandhinagar IND"]
[Date "2024.06.11"]
[Round "9.14"]
[White "Panda, Sambit"]
[Black "Ilamparthi, A R"]
[Result "0-1"]
[WhiteTitle "IM"]
[BlackTitle "IM"]
[WhiteElo "2363"]
[BlackElo "2446"]
[WhiteFideId "25091794"]
[BlackFideId "45015775"]
[EventDate "2024.06.02"]

1. d4 Nf6 2. c4 c5 3. d5 e6 4. Nf3 d6 5. Nc3 exd5 6. cxd5 g6 7. h3 Bg7 8. Bf4
O-O 9. e3 a6 10. a4 Re8 11. Be2 Nbd7 12. O-O Qe7 13. Bh2 b6 14. Nd2 Rd8 15. Re1
Rb8 16. Bf1 Ne8 17. f4 Nc7 18. e4 b5 19. e5 dxe5 20. Nf3 Nb6 21. Nxe5 Qf8 22.
Nc6 b4 23. Nxb8 bxc3 24. bxc3 Bb7 25. Rb1 Ncxd5 26. Nxa6 Bxc3 27. Qb3 Bxa6 28.
Bxa6 c4 29. Qb5 Nc7 30. Qc6 Nxa6 31. Red1 Rxd1+ 32. Rxd1 Qc5+ 33. Qxc5 Nxc5 34.
f5 Nbxa4 35. Rd8+ Kg7 36. Bd6 gxf5 37. Kf1 Ne4 38. Bf8+ Kf6 39. Ke2 Be5 40. Rc8
Nac3+ 41. Kf3 Ng5+ 42. Kf2 Nce4+ 43. Ke2 Ne6 44. Ba3 Nd4+ 45. Kd1 c3 46. Bc1
Nf2+ 0-1

[Event "61st World Juniors 2024"]
[Site "Gandhinagar IND"]
[Date "2024.06.11"]
[Round "9.15"]
[White "Aswath, S"]
[Black "Prraneeth, Vuppala"]
[Result "0-1"]
[WhiteTitle "IM"]
[BlackTitle "GM"]
[WhiteElo "2352"]
[BlackElo "2436"]
[WhiteFideId "46694919"]
[BlackFideId "46622373"]
[EventDate "2024.06.02"]

1. e4 c5 2. Nf3 d6 3. d4 cxd4 4. Nxd4 Nf6 5. Nc3 a6 6. h3 e5 7. Nb3 h6 8. Be3
Be7 9. g4 Nbd7 10. a4 Nf8 11. Qd2 Ng6 12. O-O-O Be6 13. f3 Nd7 14. Kb1 Rc8 15.
Nd5 Bxd5 16. Qxd5 Qc7 17. Rh2 O-O 18. Qd2 Rfd8 19. a5 Re8 20. Bd3 Ndf8 21. g5
hxg5 22. Bxg5 Bxg5 23. Qxg5 Nf4 24. h4 N8e6 25. Qg4 Rb8 26. h5 b6 27. h6 g6 28.
Qh4 bxa5 29. Qf6 Kh7 30. Nxa5 Rf8 31. Nc4 Rb4 32. Ne3 Qb6 33. Nc4 Qc7 34. b3 a5
35. Ne3 a4 36. Bc4 axb3 37. cxb3 Qb6 38. Re1 Rxb3+ 39. Bxb3 Qxb3+ 40. Rb2 Qc3
41. Rh1 Nh5 42. Qe7 Qxe3 43. Qxd6 Qxf3 44. Re1 Rd8 45. Qe7 Qd3+ 46. Rc2 Nd4 0-1

[Event "61st World Juniors 2024"]
[Site "Gandhinagar IND"]
[Date "2024.06.11"]
[Round "9.16"]
[White "Ayush, Sharma"]
[Black "Davtyan, Arsen"]
[Result "0-1"]
[WhiteTitle "IM"]
[BlackTitle "IM"]
[WhiteElo "2325"]
[BlackElo "2415"]
[WhiteFideId "45010943"]
[BlackFideId "13309315"]
[EventDate "2024.06.02"]

1. e4 e5 2. Nf3 Nc6 3. Bb5 a6 4. Ba4 Nf6 5. O-O Be7 6. Re1 b5 7. Bb3 d6 8. c3
O-O 9. h3 Bb7 10. d4 Re8 11. Ng5 Rf8 12. Nf3 Re8 13. Nbd2 Bf8 14. Bc2 g6 15. a4
Bg7 16. d5 Ne7 17. b4 c6 18. dxc6 Bxc6 19. Bb2 Rb8 20. axb5 axb5 21. Bb3 Qc7 22.
Qc2 Ba8 23. c4 bxc4 24. Bxc4 Qb7 25. Qb3 Nc8 26. Ra6 Qd7 27. Ng5 Re7 28. Bxf7+
Rxf7 29. Nc4 Bxe4 30. Rxe4 Nxe4 31. Nxe4 Kh8 32. Rxd6 Nxd6 33. Nxe5 Qf5 34. Qd5
Rbf8 35. Nxd6 Qxf2+ 36. Kh2 Qf4+ 37. Kh1 Qf1+ 38. Kh2 Qf4+ 39. Kh1 Re7 40. Ndc4
Rfe8 41. Nd3 Re1+ 0-1

[Event "61st World Juniors 2024"]
[Site "Gandhinagar IND"]
[Date "2024.06.11"]
[Round "9.17"]
[White "Manish Anto, Cristiano F"]
[Black "Wafa, Hamed"]
[Result "1-0"]
[WhiteTitle "IM"]
[BlackTitle "IM"]
[WhiteElo "2307"]
[BlackElo "2396"]
[WhiteFideId "25095927"]
[BlackFideId "10628452"]
[EventDate "2024.06.02"]

1. d4 Nf6 2. c4 e6 3. Nf3 Bb4+ 4. Bd2 Be7 5. Nc3 O-O 6. e4 d5 7. cxd5 exd5 8. e5
Ne4 9. Bd3 Nxd2 10. Qxd2 Nc6 11. O-O Bg4 12. Qf4 Bxf3 13. Qxf3 Nxd4 14. Qxd5
Qxd5 15. Nxd5 Bd8 16. Rad1 c6 17. Nc3 Bb6 18. Na4 Rfd8 19. Nxb6 axb6 20. a3 Ne6
21. f4 Rd4 22. g3 Rad8 23. Bc2 g5 24. f5 Rxd1 25. Bxd1 Nd4 26. Bh5 Rd7 27. h4
gxh4 28. gxh4 Rd5 29. e6 Nxf5 30. e7 Nxe7 31. Bxf7+ Kg7 32. Bxd5 Nxd5 33. Kf2
Kf6 34. Kg3+ Ke7 35. Re1+ Kf7 36. Kg4 b5 37. Kg5 Kg7 38. Re8 h6+ 39. Kf5 b6 40.
Re6 Kh7 41. Ke5 Ne3 42. Rxc6 Nc4+ 43. Kf6 Nxb2 44. Rxb6 Nc4 45. Rxb5 Nxa3 46.
Rb7+ 1-0

[Event "61st World Juniors 2024"]
[Site "Gandhinagar IND"]
[Date "2024.06.11"]
[Round "9.18"]
[White "Saryyev, Azym"]
[Black "Ozenir, Ekin Baris"]
[Result "0-1"]
[BlackTitle "IM"]
[WhiteElo "1999"]
[BlackElo "2390"]
[WhiteFideId "14004801"]
[BlackFideId "6357415"]
[EventDate "2024.06.02"]

1. d4 e6 2. Nf3 Nf6 3. c4 Bb4+ 4. Nbd2 b6 5. a3 Bxd2+ 6. Qxd2 Bb7 7. g3 d5 8.
cxd5 Bxd5 9. Bg2 O-O 10. O-O a5 11. Ne5 Bxg2 12. Kxg2 Qd5+ 13. f3 Rd8 14. Rd1
Nc6 15. Nxc6 Qxc6 16. Qc3 Qb5 17. Qd3 Qh5 18. g4 Qh4 19. Bf4 Nd5 20. Qd2 Qe7 21.
Bg3 f5 22. e4 fxe4 23. fxe4 Nf6 24. Bh4 c5 25. Qf2 Rf8 26. dxc5 bxc5 27. Qe2 Qb7
28. Bxf6 Rxf6 29. Rf1 Rd8 30. Rxf6 gxf6 31. Rf1 Rd4 32. Kg1 Qxe4 33. Qxe4 Rxe4
34. h3 Kg7 35. Rc1 c4 36. Kf2 Rd4 37. Rc3 Rd2+ 38. Kg1 Rxb2 39. Rxc4 Rb3 40. Ra4
Rxh3 41. Kg2 Rc3 42. Rxa5 Kg6 43. a4 e5 44. Ra6 Kg5 45. a5 Rc4 46. Kf3 Rf4+ 47.
Ke3 Rxg4 48. Ra8 Kf5 49. a6 Rg3+ 50. Ke2 Ra3 51. a7 h6 52. Kf2 h5 53. Kg2 h4 54.
Kh2 h3 55. Kg1 Ra2 56. Rh8 Rxa7 57. Rxh3 Ra1+ 58. Kf2 Ra2+ 59. Ke1 e4 60. Rh6
Ke5 61. Rh5+ f5 62. Rh8 e3 63. Re8+ Kf4 64. Rh8 Ke4 65. Rh7 f4 66. Rh4 0-1

[Event "61st World Juniors 2024"]
[Site "Gandhinagar IND"]
[Date "2024.06.11"]
[Round "9.19"]
[White "Nandish V S"]
[Black "Dudin, Gleb"]
[Result "0-1"]
[BlackTitle "GM"]
[WhiteElo "1981"]
[BlackElo "2532"]
[WhiteFideId "45084297"]
[BlackFideId "34184934"]
[EventDate "2024.06.02"]

1. d4 Nf6 2. c4 e6 3. Nc3 Bb4 4. e3 O-O 5. Ne2 Re8 6. a3 Bf8 7. d5 a5 8. g3 exd5
9. cxd5 Na6 10. Bg2 Nc5 11. b3 d6 12. O-O g6 13. f3 c6 14. Rb1 a4 15. b4 Nb3 16.
e4 cxd5 17. Bg5 Be7 18. Bxf6 Bxf6 19. Nxd5 Be6 20. Nef4 Rc8 21. Kh1 Be5 22. Bh3
b5 23. Qd3 Rc4 24. Rbd1 Bxd5 25. Nxd5 Bb2 26. Ne3 Rc3 27. Qe2 Rxe3 28. Qxe3 Bxa3
29. Qc3 Re7 30. Qc6 Bxb4 31. Qxb5 Qa5 32. Bd7 Qxb5 33. Bxb5 Ra7 34. Rf2 a3 35.
Bc4 Bc5 36. Ra2 Nd4 37. Rd3 Kg7 38. Bd5 h5 39. Kg2 Nb5 40. Rb3 Nd4 41. Rb1 Rc7
42. Rc1 Ra7 43. Rb1 f5 44. Rb8 Re7 45. h3 fxe4 46. fxe4 Ne6 47. Ra1 Nc7 48. Bc6
Na6 49. Rb7 Rxb7 50. Bxb7 Nc7 51. Bc6 Kf6 52. g4 h4 53. Kf3 g5 54. Bd7 Ke5 55.
Rd1 Bd4 56. Rd2 Bb2 0-1

[Event "61st World Juniors 2024"]
[Site "Gandhinagar IND"]
[Date "2024.06.11"]
[Round "9.21"]
[White "Domalchuk-Jonasson, Aleksandr"]
[Black "Ang, Ern Jie Anderson"]
[Result "1-0"]
[WhiteTitle "IM"]
[BlackTitle "CM"]
[WhiteElo "2380"]
[BlackElo "2198"]
[WhiteFideId "14142805"]
[BlackFideId "5736200"]
[EventDate "2024.06.02"]

1. d4 d5 2. c4 c6 3. Nc3 Nf6 4. e3 e6 5. Rb1 a5 6. Qc2 Nbd7 7. Nf3 Bd6 8. b3 O-O
9. Bd3 a4 10. Nxa4 e5 11. cxd5 e4 12. Bxe4 Nxe4 13. Qxe4 Nf6 14. Qc2 Nxd5 15.
O-O Re8 16. Bd2 Qf6 17. e4 Qg6 18. Rbe1 Bg4 19. Nh4 Qh5 20. g3 Nb4 21. Bxb4 Bxb4
22. Re3 Rad8 23. f3 Bh3 24. Rd1 b5 25. Nb2 c5 26. Nd3 cxd4 27. Re2 Bc3 28. Rf2
Bc8 29. Ng2 g5 30. h4 g4 31. Ngf4 Qh6 32. Qe2 Bb7 33. Nc5 Ba8 34. Qxb5 d3 35.
Rxd3 Be1 36. Rg2 Bc6 37. Qc4 Rxd3 38. Qxd3 Bb4 39. Rc2 Qf6 40. Kh2 Rd8 41. Qe3
Bxc5 42. Qxc5 gxf3 43. e5 f2 44. exf6 f1=Q 45. Qg5+ 1-0

[Event "61st World Juniors 2024"]
[Site "Gandhinagar IND"]
[Date "2024.06.11"]
[Round "9.23"]
[White "Shahil, Dey"]
[Black "Halynyazov, Vepaly"]
[Result "1-0"]
[WhiteTitle "IM"]
[WhiteElo "2332"]
[BlackElo "2058"]
[WhiteFideId "35062352"]
[BlackFideId "14004020"]
[EventDate "2024.06.02"]

1. e4 e6 2. d4 d5 3. Nd2 c5 4. Ngf3 cxd4 5. Nxd4 Nc6 6. Bb5 Bd7 7. Nxc6 bxc6 8.
Bd3 Bd6 9. Qe2 Ne7 10. b3 O-O 11. Bb2 Ng6 12. g3 Be5 13. Bxe5 Nxe5 14. Ba6 Qb6
15. f4 Ng4 16. Bd3 f5 17. e5 a5 18. h3 Ne3 19. Qf2 a4 20. Ke2 d4 21. Nc4 Nxc4
22. bxc4 c5 23. Rhb1 Qc7 24. a3 Rfb8 25. g4 Rb7 26. Rg1 Rf8 27. gxf5 exf5 28.
Rg5 Be6 29. Rag1 Rf7 30. Qh4 Qe7 31. Kf2 g6 32. Qh6 Qf8 33. Rxg6+ hxg6 34. Qxg6+
Rg7 35. Qxe6+ Qf7 36. Qc8+ Qf8 37. Qxb7 1-0

[Event "61st World Juniors 2024"]
[Site "Gandhinagar IND"]
[Date "2024.06.11"]
[Round "9.24"]
[White "Lopez Rayo, Santiago"]
[Black "Mrithyunjay Mahadevan"]
[Result "1-0"]
[WhiteTitle "FM"]
[BlackTitle "CM"]
[WhiteElo "2277"]
[BlackElo "1867"]
[WhiteFideId "4455665"]
[BlackFideId "45003521"]
[EventDate "2024.06.02"]

1. e4 e5 2. Nf3 Nc6 3. Bb5 Nf6 4. d3 Bc5 5. Bxc6 dxc6 6. Nbd2 Be6 7. O-O Bd6 8.
d4 Nd7 9. Nb3 O-O 10. Na5 Rb8 11. c3 f6 12. Qd3 Bf7 13. a3 Re8 14. Re1 exd4 15.
cxd4 c5 16. d5 Nf8 17. Bd2 c6 18. Bc3 Ng6 19. Nc4 cxd5 20. exd5 Rxe1+ 21. Rxe1
Nf4 22. Qd2 Nxd5 23. Nxd6 Qxd6 24. Ne5 fxe5 25. Bxe5 Qf8 26. Bxb8 Qxb8 27. Qd3
g6 28. g3 b5 29. Rc1 c4 30. Qe4 Qd6 31. Rd1 Qe6 32. Qd4 Qf6 33. Qe4 Nb6 34. Rd2
Kg7 35. Qe3 Na4 36. Rd4 Nc5 37. Rf4 Qd6 38. Qf3 Qd5 39. Qc3+ Kg8 40. Rd4 Qe6 41.
Rd8+ Be8 42. Ra8 Qd7 43. Qe5 Ne6 44. h4 Kf7 45. Kh2 Qd4 46. Qxd4 Nxd4 47. Rxa7+
Kf8 48. g4 h5 49. gxh5 gxh5 50. Kg3 Nf5+ 51. Kf4 Nxh4 52. Kg5 Nf3+ 53. Kf6 Nd2
54. f3 Nxf3 55. Rh7 Kg8 56. Rg7+ Kh8 57. Rc7 h4 58. Rc8 h3 59. Rxe8+ Kh7 60.
Re7+ Kh6 61. Re8 Kh5 62. Kf5 Nd4+ 63. Kf4 Kg6 64. Rh8 Ne6+ 65. Kg4 Nc5 66. Rxh3
Nd3 67. Rh2 Kf6 68. Kf3 Ke5 69. Rh5+ Kd4 70. Rxb5 c3 71. bxc3+ Kxc3 72. a4 Kc4
73. Rb1 Kc5 74. a5 Ne5+ 75. Ke4 Nc4 76. Rc1 1-0

[Event "61st World Juniors 2024"]
[Site "Gandhinagar IND"]
[Date "2024.06.11"]
[Round "9.25"]
[White "Harshad, S"]
[Black "Dishank Sachin Bajaj"]
[Result "1-0"]
[WhiteTitle "FM"]
[WhiteElo "2272"]
[BlackElo "1893"]
[WhiteFideId "46616551"]
[BlackFideId "25953036"]
[EventDate "2024.06.02"]

1. e4 e5 2. Nf3 Nc6 3. Bb5 a6 4. Ba4 Nf6 5. O-O Be7 6. d3 b5 7. Bb3 O-O 8. a4 b4
9. a5 d6 10. Nbd2 Rb8 11. Nc4 Be6 12. c3 Nd7 13. Be3 Qc8 14. d4 Bg4 15. Ba4 exd4
16. cxd4 Nd8 17. h3 Bh5 18. d5 Bg6 19. e5 Be4 20. Bf4 Nb7 21. Re1 Ndc5 22. Bc6
Qf5 23. Bg3 Qg6 24. exd6 cxd6 25. Nfd2 Bc2 26. Qg4 Qf6 27. Re3 Rfd8 28. Rae1 Bf5
29. Qe2 Bf8 30. Nf3 h6 31. Qd2 Rdc8 32. Nd4 Bg6 33. Rf3 Qd8 34. Nb6 Ne4 35. Qf4
Rc7 36. Bxb7 Rbxb7 37. Nc6 Qf6 38. Qxe4 Bxe4 39. Rxf6 Bxd5 40. Nxd5 Rxc6 41. Rf4
Rc5 42. Rxb4 Rd7 43. Nb6 Rd8 44. Rbe4 f5 45. b4 Rb5 46. Rd4 g5 47. f4 d5 48.
fxg5 Bxb4 49. Rxb4 Rxb4 50. Bc7 Rf8 51. Bd6 Rb5 52. Bxf8 Kxf8 53. gxh6 Kf7 54.
Re7+ Kg8 55. Nd7 Rb4 56. Rg7+ Kh8 57. Nf6 Rb1+ 58. Kh2 Rh1+ 59. Kxh1 f4 60. Rg8# 1-0

[Event "61st World Juniors 2024"]
[Site "Gandhinagar IND"]
[Date "2024.06.11"]
[Round "9.26"]
[White "Fecker, Noah"]
[Black "Jihan Tejas Shah"]
[Result "1/2-1/2"]
[WhiteTitle "FM"]
[WhiteElo "2390"]
[BlackElo "1956"]
[WhiteFideId "1334263"]
[BlackFideId "33370109"]
[EventDate "2024.06.02"]

1. e4 c5 2. Nf3 Nc6 3. Bb5 g6 4. O-O Bg7 5. Re1 e5 6. b4 cxb4 7. a3 b3 8. cxb3
Nge7 9. Nc3 O-O 10. Bc4 a6 11. b4 b5 12. Bb3 Bb7 13. d3 h6 14. Nd5 d6 15. Be3
Kh7 16. Rc1 Rc8 17. Re2 Nxd5 18. Bxd5 Qd7 19. Rec2 f5 20. Bb6 Bf6 21. h4 f4 22.
Rc3 Bd8 23. Bxd8 Rfxd8 24. h5 g5 25. Qb3 g4 26. Bxc6 Bxc6 27. Nh4 Bb7 28. Nf5
Rxc3 29. Rxc3 Rc8 30. Rxc8 Bxc8 31. Nxd6 Qxd6 32. Qf7+ Kh8 33. Qe8+ Kh7 34. Qf7+
Kh8 35. Qe8+ Kh7 36. Qxc8 g3 37. Qb7+ Kh8 38. Qa8+ Kh7 39. Qa7+ Kg8 40. fxg3
Qxd3 41. gxf4 Qd1+ 42. Kh2 Qxh5+ 43. Kg3 exf4+ 44. Kxf4 Qg5+ 45. Kf3 Qf6+ 46.
Kg3 Qe5+ 47. Kf3 Qf6+ 48. Kg3 Qe5+ 49. Kf2 Qf4+ 50. Kg1 Qxe4 51. Qxa6 Qe1+ 52.
Kh2 Qh4+ 53. Kg1 Qe1+ 54. Kh2 Qh4+ 55. Kg1 Qe1+ 1/2-1/2

[Event "61st World Juniors 2024"]
[Site "Gandhinagar IND"]
[Date "2024.06.11"]
[Round "9.27"]
[White "Singh, Siddharth"]
[Black "Koziorowicz, Michal"]
[Result "0-1"]
[BlackTitle "FM"]
[WhiteElo "2050"]
[BlackElo "2304"]
[WhiteFideId "39907023"]
[BlackFideId "21809194"]
[EventDate "2024.06.02"]

1. e4 e6 2. d4 d5 3. e5 c5 4. c3 Nc6 5. Nf3 Bd7 6. Be2 Nge7 7. Na3 cxd4 8. cxd4
Nf5 9. Nc2 Be7 10. O-O O-O 11. Bd3 f6 12. Bf4 g5 13. Bxf5 exf5 14. exf6 Bxf6 15.
Be5 f4 16. Re1 g4 17. Bxf6 Qxf6 18. Ne5 Bf5 19. Rc1 h5 20. Nxc6 bxc6 21. Nb4 Be4
22. f3 gxf3 23. gxf3 Rab8 24. a3 a5 25. Rxc6 Qh4 26. Rf1 axb4 27. fxe4 bxa3 28.
exd5 Qg5+ 29. Kf2 Rxb2+ 30. Rc2 Qh4+ 31. Kg1 f3 32. Kh1 Qe4 33. Re1 Qxc2 34.
Rg1+ Qg2+ 35. Rxg2+ fxg2+ 36. Kg1 Rf1+ 37. Qxf1 gxf1=Q+ 38. Kxf1 a2 39. Kg1
a1=Q# 0-1

[Event "61st World Juniors 2024"]
[Site "Gandhinagar IND"]
[Date "2024.06.11"]
[Round "9.28"]
[White "Avinash, Ramesh"]
[Black "Bhoir Paras Dilip"]
[Result "1-0"]
[WhiteTitle "IM"]
[WhiteElo "2252"]
[BlackElo "2016"]
[WhiteFideId "45018340"]
[BlackFideId "25763695"]
[EventDate "2024.06.02"]

1. e4 c5 2. Nf3 d6 3. d4 cxd4 4. Nxd4 Nf6 5. Nc3 g6 6. Be3 Bg7 7. f3 O-O 8. Qd2
Nc6 9. Bc4 Bd7 10. O-O-O Rb8 11. Bb3 Na5 12. Bh6 Bxh6 13. Qxh6 b5 14. Nd5 e5 15.
Nxf6+ Qxf6 16. Ne2 Nxb3+ 17. axb3 b4 18. Kb1 Rb6 19. h4 Qe7 20. Qg5 Qxg5 21.
hxg5 a5 22. Rd5 Ra8 23. Rhd1 Raa6 24. Ng3 Be6 25. R5d3 a4 26. Nf1 Kf8 27. Ne3
Ke7 28. Rh1 Rb8 29. bxa4 Rxa4 30. b3 Ra5 31. Rxh7 Rba8 32. Kc1 Ra1+ 33. Kd2 Rb1
34. Rd5 Ra2 35. Rb5 Bxb3 36. Rh8 Kd7 37. Rb7+ Kc6 38. Rxb4 Kd7 39. Rhb8 Bxc2 40.
Nxc2 Rg1 41. Kc3 Ra7 42. R8b7+ Rxb7 43. Rxb7+ Ke6 44. Ne3 f5 45. Nd5 fxe4 46.
Nc7+ Kf5 47. Ne8 exf3 48. gxf3 d5 49. Rf7+ Kxg5 50. Nc7 Rg3 51. Kd2 e4 52. Ne6+
Kh6 53. f4 d4 54. Rd7 Rg2+ 55. Ke1 d3 56. Kf1 Re2 57. Rd5 Rh2 58. Rd8 Kh7 59.
Ng5+ Kg7 60. Rd7+ Kg8 61. Rd4 e3 62. Rd8+ Kg7 63. Rxd3 Kf6 64. Rxe3 Kf5 65. Ne6
Kg4 66. Kg1 Rh5 67. Kg2 Rd5 68. Kf2 Rd2+ 69. Ke1 Rg2 70. Kd1 Kf5 71. Re5+ Kf6
72. Ke1 Rh2 73. Nd4 Rh4 74. Re4 Rh2 75. Kf1 Rd2 76. Re6+ Kf7 77. Rd6 Ra2 78. Nf3
Ra4 79. Ng5+ Ke7 80. Re6+ Kd7 81. Rf6 Ke7 82. Rf7+ Ke8 83. Kf2 Ra5 84. Rg7 Ra6
85. Kg3 Kf8 86. Rb7 Kg8 87. Nf3 Ra5 88. Kg4 Rf5 89. Rb6 Kh7 90. Nh4 Rh5 91. Nxg6
Rh1 92. Ne5 Kg7 93. Kg5 Rg1+ 94. Kf5 Re1 95. Rb7+ Kf8 96. Kf6 Kg8 97. Rb8+ Kh7
98. Ng6 Re6+ 99. Kxe6 Kxg6 100. Rg8+ Kh7 101. Rg1 Kh6 102. Kf5 Kh5 103. Rh1# 1-0

[Event "61st World Juniors 2024"]
[Site "Gandhinagar IND"]
[Date "2024.06.11"]
[Round "9.29"]
[White "Sriansh Das"]
[Black "Smirnov, Mark"]
[Result "1-0"]
[BlackTitle "CM"]
[WhiteElo "2016"]
[BlackElo "2203"]
[WhiteFideId "45030081"]
[BlackFideId "13764594"]
[EventDate "2024.06.02"]

1. e4 e5 2. Nf3 Nc6 3. Bc4 Nf6 4. d3 h6 5. O-O d6 6. c3 g5 7. a4 Bg7 8. Nbd2 O-O
9. Qc2 Ne7 10. Re1 Ng6 11. Kh1 g4 12. Ng1 c6 13. Nf1 d5 14. Bb3 Be6 15. Ng3 Qd7
16. f3 Nf4 17. d4 dxe4 18. Bxe6 fxe6 19. Bxf4 exf4 20. Nxe4 Nxe4 21. Qxe4 Rae8
22. fxg4 e5 23. dxe5 Rxe5 24. Qc4+ Rd5 25. Rad1 Kh8 26. Rxd5 cxd5 27. Rd1 Qxg4
28. Qxd5 f3 29. Nxf3 Qxa4 30. h3 Qc2 31. Rd2 Qc1+ 32. Kh2 Bf6 33. Ne5 Bg5 34.
Ng6+ Kg7 35. Rd1 Rf5 36. Qd4+ Kxg6 37. Rxc1 Bf4+ 38. g3 Bxc1 39. Qxa7 Re5 40.
Qb6+ Kg5 41. Qd8+ Kf5 42. Qd3+ Kf6 43. b4 Re7 44. Qf1+ 1-0